000 00806cam a2200265 4500
008 090401t1988 xxu||||| |||| 00| 0 eng d
020 _a0117520519
035 _a(Sirsi) u27545
041 _aeng
050 _a711.1
_c18
110 _aUnited Kingdom
_bDepartment of the Environment
_9982
245 _aMinerals planning guidance
_bgeneral considerations and the development plan system
260 _aLondon
_bHMSO
_c1988
300 _a(14)p.
_c30cm.
350 _a2.75
490 _aMPG
_v1
520 _aSuperseded by revised edition (ISBN 0117532894).
650 _aMINERALS PLANNING
650 _aMINERALS
650 _aMINERALS PLANNING GUIDANCE NOTE ONE
690 _aPlanning and development
_96259
710 _aUnited Kingdom
_bWelsh Office
_91214
942 _n0
948 _c04/03/1997
999 _c89125
_d89125